000 00881nam a22002897a 4500
001 BR9102940
003 BR-BrBNA
005 20230928093625.0
007 ta
008 230509b bl.||||| |||| 00| 0 por d
040 _aBR-BrBNA
_bpor
_cBiblioteca Nacional de Agricultura
041 _a(Por)
072 _aP40; P11
_b/G514
090 _ P40 BR9102940
100 1 _aGenevicius, A.
110 1 _aEscola Superior de Agricultura Luiz de Queiroz, Piracicaba, SP (Brasil)
_0Tese (Mestrado)
245 1 _aAplicacao de metodologia para determinacao de estiagens na bacia do Rio Corumbatai
260 3 _aPiracicaba, SP (Brasil):
_c1989.
300 _a87 p.
500 _a18 ref.; Summaries (Eng, Por); 12 graphs
650 _aHIDROLOGIA
650 _aDRENAGEM
650 _aESTIAGEM
650 _aBACIA HIDROGRAFICA
909 _a202309
_bLucia
_c55
_dLucia Elande
942 _cBK
999 _c46075
_d46075